|
|
|
|
| LEADER |
00840nam a2200181 a 4500 |
| 001 |
1/35301 |
| 008 |
080905s2008 lu a n000 0 eng |
| 020 |
|
|
|a 9789279092664
|
| 035 |
|
|
|l 37815
|
| 040 |
|
|
|a GR-PeUP
|
| 082 |
0 |
0 |
|a KET 305.4'094 EQU
|
| 245 |
0 |
0 |
|a Manual for gender mainstreaming :
|b emlpoyment, social inclusion and social protection policies /
|c European Commission. Directorate-General for Employment, Social Affairs and Equal Opportunities
|
| 260 |
|
|
|a Luxembourg:
|b Office for Official Publications of the European Communities,
|c 2008.
|
| 300 |
|
|
|a 38 σ.:
|b έγχρ. εικ.;
|c 25 εκ.
|
| 650 |
|
4 |
|a Gender mainstreaming.
|
| 710 |
2 |
|
|a European Commission.
|
| 852 |
|
|
|a INST
|b UNIPILB
|c KET
|e 20080905
|h KET 305.4'094 EQU
|p 00156226
|q 00156226
|t LOAN
|y 0
|4 2
|
| 852 |
|
|
|a INST
|b UNIPILB
|c KET
|e 20080905
|h KET 305.4'094 EQU
|p 00156227
|q 00156227
|t LOAN
|y 0
|4 1
|